Transición y crisis en Nicaragua /
Explica la destrucción de la economía hondureña especialmente del sector agrícola a través de 3 clases de explicaciones: a- Explotación extranjera. b- Base limitada de recursos. c- Política gubernamental. Concluye que el frustrado historial del desarrollo económico no es atribuíble ni a la explotaci...
Salvato in:
| Autore principale: | |
|---|---|
| Altri autori: | |
| Natura: | testo |
| Lingua: | Spanish |
| Soggetti: | |
| Tags: |
Aggiungi Tag
Nessun Tag, puoi essere il primo ad aggiungerne!!
|
MARC
| LEADER | 00000 a a2200000 04500 | ||
|---|---|---|---|
| 003 | cru CIDCACS/IIS | ||
| 005 | 20231109152523.0 | ||
| 008 | 200416s1989 sp |||p|r|||||| ||spa|d | ||
| 040 | |c cru CIDCACS/IIS | ||
| 100 | 1 | |a Torres, Rosa María |9 9237 | |
| 245 | 1 | |a Transición y crisis en Nicaragua / |c Rosa María Torres, José Luis Coraggio | |
| 300 | |a páginas 229-264 | ||
| 500 | |a Colección Centroamérica | ||
| 520 | |a Explica la destrucción de la economía hondureña especialmente del sector agrícola a través de 3 clases de explicaciones: a- Explotación extranjera. b- Base limitada de recursos. c- Política gubernamental. Concluye que el frustrado historial del desarrollo económico no es atribuíble ni a la explotación extranjera ni a la base limitada de recursos, sino a la falta de una política gubernamental que definiera e implantara una teoría de políticas coherentes que sirvieran para estimular el crecimiento económico. AR/JM | ||
| 650 | 0 | |a REVOLUCION |9 137 | |
| 650 | 0 | |a DEMOCRACIA |9 83 | |
| 650 | 4 | |a ECONOMIA MIXTA |9 4423 | |
| 650 | 4 | |a AGRESION |9 1938 | |
| 650 | 4 | |a RECESION ECONOMICA |9 1935 | |
| 650 | 0 | |a PARTIDOS POLITICOS |9 413 | |
| 650 | 4 | |a POLITICA ECONOMICA |9 2655 | |
| 650 | 0 | |a EVALUACION ECONOMICA |9 7048 | |
| 651 | 0 | |9 1861 |a NICARAGUA | |
| 700 | 1 | |9 5914 |a Coraggio, José Luis | |
| 773 | 0 | |0 43058 |9 4524 |a Asociación de Investigación y Especialización sobre temas Iberoamericanos |d Madrid: AIETI, 1987- |o 23038 |t Sintesis: |x 02137577 | |
| 942 | |2 ddc |c PP | ||
| 999 | |c 43077 |d 43077 | ||
